Introduction to Data Structures with Applications (Record no. 308309)

MARC details
000 -LEADER
fixed length control field 00469nam a2200169Ia 4500
008 - FIXED-LENGTH DATA ELEMENTS--GENERAL INFORMATION
fixed length control field 230718s9999 xx 000 0 und d
041 ## - LANGUAGE CODE
Language code of text/sound track or separate title eng
082 ## - DEWEY DECIMAL CLASSIFICATION NUMBER
Classification number 005.73
Item number TRE
100 ## - MAIN ENTRY--PERSONAL NAME
Personal name Tremblay J.P.
9 (RLIN) 121170
245 ## - TITLE STATEMENT
Title Introduction to Data Structures with Applications
250 ## - EDITION STATEMENT
Edition statement 2nd
260 ## - PUBLICATION, DISTRIBUTION, ETC. (IMPRINT)
Date of publication, distribution, etc. 2003
Name of publisher, distributor, etc. Tata McGraw-Hill
300 ## - PHYSICAL DESCRIPTION
Extent 861
365 ## - TRADE PRICE
Currency code Rs.
Price amount 265.00
700 ## - ADDED ENTRY--PERSONAL NAME
Personal name Tremblay J.P.& Sorenson P.G.
906 ## - LOCAL DATA ELEMENT F, LDF (RLIN)
d B:5208/19.07.200408-Sep-2005
c COMP
b 53
Holdings
Withdrawn status Lost status Damaged status Not for loan Home library Current library Date acquired Vendor Budget Code Cost, normal purchase price Bill number Total Checkouts Full call number Barcode Date last seen Discount Cost, replacement price Bill Date Koha item type Original Barcode
        Cummins College of Engineering for Women Pune Cummins College of Engineering for Women Pune 13/08/2004 Technical Book Services COMP 212.00 5208/19.07.2004   005.73 CCEP-BK-19516 18/07/2023 53 265.00 08/09/2005 Books 019516